Fragmenty k sociálnemu postaveniu zamestnancov vysokých škôl

Podrobná bibliografia
Hlavný autor: Vachula, Milan (Autor)
Médium: Článok
Jazyk:slovenčina
ISSN:1335-5864
Predmet:

MARC

LEADER 00000nab a2200000 a 4500
001 vtls000835170
003 SK-MaSNL
005 20260302162508.0
008 220810c2003 xo 0 slo
015 |a SNBRB2003/05-15051 
035 |a CLN000186825 
040 |a SNKBUCL  |b slo  |c SNKBUCL  |e AACR2 
041 0 |a slo 
044 |a xo  |c SK 
080 |a 378.12  |2 1997 
100 1 |a Vachula, Milan  |4 aut  |9 514635 
245 1 0 |a Fragmenty k sociálnemu postaveniu zamestnancov vysokých škôl  |c Milan Vachula 
650 0 7 |a školy vysoké  |x zamestnanci  |x postavenie sociálne  |z Slovensko  |2 snkbucl  |9 862267 
655 7 |a články z novín a časopisov  |2 snkbucl  |9 267496 
773 0 |t Academia  |g Roč. 14, č. 1 (2003), s. 30-31  |x 1335-5864 
850 |a Slovenská národná knižnica v Martine 
852 |a SNK  |b KIS3GCP 
954 |a odborná, vedecká literatúra pôvodná (slovenská)  |2 lita 
958 |a OND 
958 |a SK 
958 |a article 
992 |a RBX 
999 |c 1380335  |d 1382265